| 000 | 01435cam a2200397 i 4500 | ||
|---|---|---|---|
| 650 | 0 |
_aTürk şiiri _xTarih ve eleştiri _975586 |
|
| 650 | 0 |
_aTurkish literature _xHistory and criticism _939850 |
|
| 650 | 0 |
_aTurkish literature _xHistory and criticism _939850 |
|
| 999 |
_c200429783 _d47709 |
||
| 001 | 200429783 | ||
| 003 | TR-AnTOB | ||
| 005 | 20250616162908.0 | ||
| 007 | ta | ||
| 008 | 130402s2012 tu b 001 0 tur | ||
| 010 | _a 2012342779 | ||
| 020 | _a9789752676329 | ||
| 040 |
_aDLC _beng _erda _cDLC _dDLC _dTR-AnTOB |
||
| 041 | _atur | ||
| 050 | 0 | 0 |
_aPL206 _b.K87 2012 |
| 090 |
_aPL206 _b.K87 2012 |
||
| 100 | 1 |
_aKurt, Mustafa, _d1977- _942271 |
|
| 245 | 1 | 0 |
_aMürekkebin izinde : _bedebiyat yazıları / _cMustafa Kurt. |
| 246 | 1 | 4 |
_aMürekkebin izinde : _bedebiyat üzerine yazıları |
| 264 | 1 |
_aAnkara : _bKurgan Edebiyat, _c2012. |
|
| 300 |
_avi, 293 pages ; _c21 cm. |
||
| 336 |
_atext _2rdacontent |
||
| 337 |
_aunmediated _2rdamedia |
||
| 338 |
_avolume _2rdacarrier |
||
| 490 | 0 |
_aKurgan Edebiyat Yazıları : _v53 _aEdebiyat, dil, araştırma ve inceleme dizisi ; _v21 |
|
| 500 | _a"53"--Title page verso. | ||
| 504 | _aIncludes bibliographical references and index. | ||
| 590 | _aDonated by Tuba Işınsu İsen Durmuş | ||
| 650 | 0 |
_aTurkish poetry _xHistory and criticism _916952 |
|
| 856 | 4 | 1 |
_3Table of contents only _uhttp://www.loc.gov/catdir/toc/fy15pdf02/2012342779.html |
| 942 |
_2lcc _cBK |
||